[Event "Benalmadena Rapid op 1st"]
[Site "Benalmadena"]
[Date "2023.02.26"]
[Round "9"]
[White "Diaz Mino, Daniel"]
[Black "Ibanez Macias, Aitor"]
[Result "1-0"]
[WhiteElo "2188"]
[BlackElo "1745"]
[PlyCount "47"]
[EventDate "2023.02.25"]
[EventType "swiss (rapid)"]
[EventRounds "9"]
[EventCountry "ESP"]
[SourceTitle "CBM 212 Extra"]
[Source "ChessBase"]
[SourceDate "2023.03.31"]
[SourceVersion "1"]
[SourceVersionDate "2023.03.31"]
[SourceQuality "1"]

1. e4 e6 2. d4 d5 3. e5 c5 4. c3 Nc6 5. Nf3 Qb6 6. Bd3 Bd7 7. dxc5 Bxc5 8. 0-0 Nge7 9. b4 Nxb4 10. cxb4 Bxb4 11. Be3 Qc7 12. Qb3 Qa5 13. a3 Nc6 14. axb4 Qxa1 15. Na3 Qxf1+ 16. Bxf1 0-0 17. Nb5 a5 18. Bc5 a4 19. Qa3 Rfc8 20. Nd6 Rcb8 21. Bb5 b6 22. Bd4 Kf8 23. Bxc6 Bxc6 24. b5 1-0

[Event "Benalmadena Rapid op 1st"]
[Site "Benalmadena"]
[Date "2023.02.25"]
[Round "1"]
[White "Ibanez Macias, Aitor"]
[Black "Del Rio de Angelis, Salvador Gabriel"]
[Result "0-1"]
[WhiteElo "1745"]
[BlackElo "2448"]
[PlyCount "60"]
[EventDate "2023.02.25"]
[EventType "swiss (rapid)"]
[EventRounds "9"]
[EventCountry "ESP"]
[SourceTitle "EXT 2024"]
[Source "ChessBase"]
[SourceDate "2023.10.10"]
[SourceVersion "1"]
[SourceVersionDate "2023.10.10"]
[SourceQuality "1"]

1. Nf3 d5 2. c4 e6 3. e3 Nf6 4. b3 c5 5. Bb2 Nc6 6. Be2 d4 7. d3 e5 8. 0-0 Be7 9. exd4 exd4 10. Nbd2 0-0 11. Ng5 h6 12. Nge4 Nh7 13. Ba3 b6 14. Bf3 Bd7 15. Re1 Qc7 16. Ng3 Rae8 17. Qc2 Ne5 18. Bd1 f5 19. Nf3 Nc6 20. Bc1 g5 21. Nd2 Bd6 22. Rf1 Nf6 23. Nh5 Bxh2+ 24. Kh1 Bd6 25. Nxf6+ Rxf6 26. Bh5 Ref8 27. Re1 Re6 28. Ba3 g4 29. Nf1 Qd8 30. Rxe6 Bxe6 0-1

[Event "Malaga op 16th"]
[Site "Malaga"]
[Date "2022.10.31"]
[Round "8"]
[White "Ibanez Macias, Aitor"]
[Black "Hagesaether, Nina"]
[Result "1/2-1/2"]
[WhiteElo "1785"]
[BlackElo "1939"]
[PlyCount "114"]
[EventDate "2022.10.27"]
[EventType "swiss"]
[EventRounds "9"]
[EventCountry "ESP"]
[SourceTitle "EXT 2024"]
[Source "ChessBase"]
[SourceDate "2023.10.10"]
[SourceVersion "1"]
[SourceVersionDate "2023.10.10"]
[SourceQuality "1"]

1. Nf3 d6 2. d4 Nf6 3. Nc3 Nbd7 4. e4 e5 5. Bc4 h6 6. 0-0 Be7 7. Re1 c6 8. a4 a5 9. dxe5 dxe5 10. Nh4 Nb6 11. Bb3 Qxd1 12. Rxd1 Nxe4 13. Nxe4 Bxh4 14. Be3 Nd5 15. Bxd5 cxd5 16. Rxd5 0-0 17. Rxe5 Bd7 18. g3 Bd8 19. Nd6 Bc6 20. Nc4 Bc7 21. Re7 Bd8 22. Re5 Bc7 23. Rc5 Rfd8 24. Ne5 Bxe5 25. Rxe5 Re8 26. Rc5 Red8 27. b3 Rd7 28. f4 Rd5 29. Rxd5 Bxd5 30. c4 Be4 31. Bb6 Bc2 32. Ra3 Kf8 33. Kf2 Ke7 34. Ke3 Kd6 35. Kd2 Bf5 36. Ra1 Kc6 37. c5 Be6 38. Kc3 g6 39. Rd1 Bd5 40. Re1 Be6 41. Re3 h5 42. Kd4 h4 43. Ke5 Re8 44. Kf6 hxg3 45. hxg3 Rh8 46. Rc3 Rh5 47. Re3 Rd5 48. Ke7 g5 49. Rxe6+ fxe6 50. Kxe6 gxf4 51. gxf4 Rd3 52. f5 Rxb3 53. f6 Re3+ 54. Kf5 Rf3+ 55. Kg6 Rg3+ 56. Kf5 Rf3+ 57. Kg6 Rg3+ 1/2-1/2

[Event "Malaga op 16th"]
[Site "Malaga"]
[Date "2022.10.27"]
[Round "1"]
[White "Bernabeu Lopez, Carlos Javier"]
[Black "Ibanez Macias, Aitor"]
[Result "1-0"]
[WhiteElo "2414"]
[BlackElo "1785"]
[PlyCount "121"]
[EventDate "2022.10.27"]
[EventType "swiss"]
[EventRounds "9"]
[EventCountry "ESP"]
[SourceTitle "EXT 2024"]
[Source "ChessBase"]
[SourceDate "2023.10.10"]
[SourceVersion "1"]
[SourceVersionDate "2023.10.10"]
[SourceQuality "1"]

1. c4 e6 2. Nf3 Nf6 3. d4 Bb4+ 4. Bd2 a5 5. g3 0-0 6. Bg2 d5 7. 0-0 Ne4 8. Bf4 Nd7 9. c5 a4 10. a3 Ba5 11. Qxa4 b5 12. Qc2 g5 13. Bc1 c6 14. Ne5 Nxe5 15. dxe5 f5 16. exf6 Qxf6 17. Bxe4 dxe4 18. Qxe4 e5 19. Qe3 Bh3 20. Rd1 Rad8 21. Bd2 Rd4 22. Nc3 h6 23. Ne4 Rxe4 24. Qxe4 Bxd2 25. f4 Bf5 26. Qf3 e4 27. Qf2 e3 28. Qf3 g4 29. Qg2 Re8 30. a4 Be4 31. Qf1 bxa4 32. Rxa4 Bc2 33. Ra7 Bxd1 34. Qxd1 Qxb2 35. h3 Qc1 36. Qxc1 Bxc1 37. hxg4 Re6 38. Kg2 Rf6 39. Kf3 Rf7 40. Ra8+ Kg7 41. Ke4 Kf6 42. Rc8 Re7+ 43. Kf3 Re6 44. f5 Re5 45. Rxc6+ Kg7 46. Rc7+ Kg8 47. Kf4 Bb2 48. g5 hxg5+ 49. Kxg5 Ba3 50. c6 Kf8 51. Kf6 Re8 52. Rf7+ Kg8 53. c7 Bd6 54. Rd7 Bxg3 55. Rg7+ Kf8 56. Rxg3 Rc8 57. Rg7 Ra8 58. Rd7 Ke8 59. Rd8+ Rxd8 60. cxd8Q+ Kxd8 61. Kg7 1-0

[Event "ESP-ch U14"]
[Site "Salobrena"]
[Date "2022.07.22"]
[Round "8"]
[White "Torres Rebolledo, Alvaro"]
[Black "Ibanez Macias, Aitor"]
[Result "0-1"]
[WhiteElo "1887"]
[BlackElo "1695"]
[PlyCount "144"]
[EventDate "2022.07.18"]
[EventType "swiss"]
[EventRounds "9"]
[EventCountry "ESP"]
[SourceTitle "EXT 2023"]
[Source "ChessBase"]
[SourceDate "2022.10.05"]
[SourceVersion "1"]
[SourceVersionDate "2022.10.05"]
[SourceQuality "1"]

1. e4 d5 2. exd5 Nf6 3. Bb5+ Nbd7 4. Nc3 a6 5. Bxd7+ Qxd7 6. Nge2 b5 7. a3 Nxd5 8. d4 Bb7 9. Ne4 e6 10. f3 Be7 11. 0-0 0-0 12. b3 Nf6 13. Qd3 Rfd8 14. Bb2 c5 15. Nxc5 Bxc5 16. dxc5 Qxd3 17. cxd3 Rxd3 18. Nd4 Rc8 19. Rac1 Bd5 20. c6 Ne8 21. Rc2 Nc7 22. Bc3 h6 23. Kf2 Bxb3 24. Nxb3 Nd5 25. Na5 Rxc3 26. Rxc3 Nxc3 27. Ke3 Kf8 28. Kd4 Nd5 29. Kc5 Ke7 30. f4 Rb8 31. Nb7 Rc8 32. f5 Ne3 33. Rf3 Nc4 34. fxe6 fxe6 35. Rg3 g5 36. Rh3 Ne5 37. Na5 Nd7+ 38. Kd4 Nb8 39. Rc3 Kd6 40. Nb7+ Kc7 41. Nc5 Nxc6+ 42. Ke4 Re8 43. Nxa6+ Kd6 44. Rd3+ Ke7 45. Nc7 Rb8 46. Rb3 b4 47. Na6 Rb6 48. Nxb4 Nxb4 49. Rxb4 Ra6 50. a4 Ra5 51. Rb7+ Kd6 52. Rb6+ Kd7 53. Rb4 Kd6 54. Kf3 Kc5 55. Rb5+ Rxb5 56. axb5 Kxb5 57. Ke4 Kc6 58. Ke5 Kd7 59. g3 Ke7 60. h4 gxh4 61. gxh4 h5 62. Ke4 Kf6 63. Kf4 e5+ 64. Ke4 Ke6 65. Ke3 Kf5 66. Kf3 e4+ 67. Ke3 Ke5 68. Ke2 Kf4 69. Kf2 Kg4 70. Kg2 Kxh4 71. Kh2 Kg4 72. Kg2 e3 0-1

[Event "ESP-ch U12"]
[Site "Salobrena"]
[Date "2020.08.01"]
[Round "9"]
[White "Tabuenca Mendataurigoitia, Daniel"]
[Black "Ibanez Macias, Aitor"]
[Result "1-0"]
[WhiteElo "1865"]
[BlackElo "1529"]
[PlyCount "73"]
[EventDate "2020.07.27"]
[EventType "swiss"]
[EventRounds "9"]
[EventCountry "ESP"]
[SourceTitle "EXT 2021"]
[Source "ChessBase"]
[SourceDate "2020.10.23"]
[SourceVersion "1"]
[SourceVersionDate "2020.10.23"]
[SourceQuality "1"]

1. e4 e6 2. d4 d5 3. Nd2 Be7 4. e5 c5 5. c3 Nh6 6. f4 cxd4 7. cxd4 Nc6 8. Ndf3 Bd7 9. Bd3 Qb6 10. Ne2 Nf5 11. Bb1 Bb4+ 12. Kf2 Be7 13. b3 h6 14. g4 Nh4 15. Nxh4 Bxh4+ 16. Kg2 g5 17. Rf1 0-0-0 18. Ba3 h5 19. Bc5 Qa5 20. a3 Rdg8 21. f5 hxg4 22. fxe6 Bxe6 23. b4 Qd8 24. Bf5 Qd7 25. Bxe6 fxe6 26. Qd3 Qe8 27. Rac1 Qh5 28. Rh1 Rg7 29. b5 Rf7 30. bxc6 Rf2+ 31. Kg1 Qf7 32. cxb7+ Qxb7 33. Bd6+ Kd8 34. Bc7+ Kd7 35. Qc2 Qa6 36. Bd6 Rc8 37. Qh7+ 1-0

[Event "ESP-ch U12"]
[Site "Salobrena"]
[Date "2020.07.27"]
[Round "2"]
[White "Ibanez Macias, Aitor"]
[Black "Aleksanyan Israelyan, Nicolas"]
[Result "0-1"]
[WhiteElo "1529"]
[BlackElo "1834"]
[PlyCount "156"]
[EventDate "2020.07.27"]
[EventType "swiss"]
[EventRounds "9"]
[EventCountry "ESP"]
[SourceTitle "EXT 2021"]
[Source "ChessBase"]
[SourceDate "2020.10.23"]
[SourceVersion "1"]
[SourceVersionDate "2020.10.23"]
[SourceQuality "1"]

1. e4 e6 2. d4 d5 3. Bd3 Nf6 4. e5 Nfd7 5. Nf3 c5 6. c3 Nc6 7. 0-0 cxd4 8. cxd4 Qb6 9. Bc2 Be7 10. Nc3 f6 11. Re1 0-0 12. Qd3 f5 13. a3 a6 14. Bg5 Bxg5 15. Nxg5 Ndb8 16. Nf3 Bd7 17. Na4 Qc7 18. g4 Ne7 19. Rac1 Nbc6 20. Ng5 h6 21. Nf3 Qd8 22. g5 h5 23. Nc5 Rb8 24. Nh4 g6 25. Ng2 Kg7 26. Nf4 Kf7 27. h4 Bc8 28. Red1 Ra8 29. Ba4 Qc7 30. Rc3 b6 31. Bxc6 Nxc6 32. Ncxe6 Bxe6 33. Nxe6 Kxe6 34. Rdc1 Rfc8 35. Qc2 Kd7 36. e6+ Kd6 37. e7 Qd7 38. e8Q Qxe8 39. Qd2 Kd7 40. Qc2 Qe6 41. Qb3 Rab8 42. Re3 Qd6 43. Rce1 Re8 44. Rxe8 Rxe8 45. Rxe8 Kxe8 46. Qxb6 a5 47. b4 axb4 48. axb4 Ke7 49. b5 Nd8 50. Qa7+ Qd7 51. b6 Nc6 52. Qa6 Nd8 53. b7 Qxb7 54. Qf6+ Kd7 55. Qg7+ Kc8 56. Qxg6 Qf7 57. Qa6+ Kd7 58. g6 Qg8 59. Qf6 Qe6 60. Qg7+ Qe7 61. Qg8 Ne6 62. Qh7 Ng7 63. Kf1 Qf6 64. Qg8 Qxd4 65. Qf7+ Kc6 66. Qe7 Qd1+ 67. Kg2 Qg4+ 68. Kf1 Qxg6 69. Qa7 Qg4 70. Qa6+ Kd7 71. Qb7+ Ke6 72. Qb6+ Ke5 73. Qc7+ Ke6 74. Qb6+ Kf7 75. Qb7+ Kg6 76. Qc6+ Kh7 77. Qxd5 Qxh4 78. Qf3 Qc4+ 0-1

[Event "ESP-ch U12"]
[Site "Salobrena"]
[Date "2020.07.27"]
[Round "1"]
[White "Iribas Garayoa, Miguel"]
[Black "Ibanez Macias, Aitor"]
[Result "0-1"]
[WhiteElo "1163"]
[BlackElo "1529"]
[PlyCount "66"]
[EventDate "2020.07.27"]
[EventType "swiss"]
[EventRounds "9"]
[EventCountry "ESP"]
[SourceTitle "EXT 2021"]
[Source "ChessBase"]
[SourceDate "2020.10.23"]
[SourceVersion "1"]
[SourceVersionDate "2020.10.23"]
[SourceQuality "1"]

1. d4 Nf6 2. Nf3 g6 3. e3 Bg7 4. Bd3 0-0 5. Nbd2 d6 6. h3 Nbd7 7. 0-0 e5 8. dxe5 dxe5 9. e4 Qe7 10. c3 Nc5 11. Bc2 Rd8 12. Qe2 b6 13. Nc4 Bb7 14. Bg5 h6 15. Bxf6 Bxf6 16. b4 Ne6 17. Nfxe5 Nf4 18. Qe3 Bxe5 19. Nxe5 Qxe5 20. f3 Kg7 21. Rad1 Rac8 22. Rf2 Rxd1+ 23. Bxd1 Rd8 24. Bb3 Rd3 25. Qe1 Qg5 26. Kh2 Nh5 27. Qe2 Qg3+ 28. Kg1 Nf4 29. Qf1 Nxh3+ 30. Kh1 Nxf2+ 31. Kg1 Rd2 32. Qc4 Nh3+ 33. Kh1 Qxg2# 0-1

[Event "Gibraltar U12 op"]
[Site "Caleta"]
[Date "2019.08.18"]
[Round "5"]
[White "Escarcena Mercado, Angel"]
[Black "Ibanez Macias, Aitor"]
[Result "0-1"]
[WhiteElo "1095"]
[BlackElo "1461"]
[PlyCount "102"]
[EventDate "2019.08.16"]
[EventType "swiss"]
[EventRounds "6"]
[EventCountry "GGB"]
[SourceTitle "CBM 195 Extra"]
[Source "ChessBase"]
[SourceDate "2020.05.31"]
[SourceVersion "1"]
[SourceVersionDate "2020.05.31"]
[SourceQuality "1"]

1. e4 e6 2. d4 d5 3. Nd2 c5 4. dxc5 Bxc5 5. exd5 exd5 6. Bb5+ Bd7 7. Qe2+ Qe7 8. Bxd7+ Nxd7 9. Qxe7+ Nxe7 10. Ngf3 0-0-0 11. 0-0 Rhf8 12. Re1 Nc6 13. Nb3 Bb6 14. Be3 h6 15. Nbd4 Nxd4 16. Bxd4 Bxd4 17. Nxd4 Nf6 18. Re2 Rfe8 19. Rae1 Rxe2 20. Rxe2 Re8 21. Rxe8+ Nxe8 22. Kf1 Kd7 23. Ke2 Nd6 24. Kd3 g6 25. b3 a6 26. g3 Ne4 27. f3 Ng5 28. h4 Ne6 29. Nxe6 fxe6 30. Kd4 Kd6 31. c3 e5+ 32. Kd3 b5 33. c4 b4 34. cxd5 Kxd5 35. Ke3 Kd6 36. Ke4 Ke6 37. Kd3 Kd5 38. Ke3 g5 39. h5 Ke6 40. Ke4 Kf6 41. Kd5 Kf5 42. Kc5 g4 43. fxg4+ Kxg4 44. Kd5 Kxg3 45. Kxe5 Kg4 46. Kd5 Kxh5 47. Kc5 Kg5 48. Kxb4 h5 49. Ka5 h4 50. Kxa6 h3 51. b4 h2 0-1

[Event "Gibraltar U12 op"]
[Site "Caleta"]
[Date "2019.08.17"]
[Round "3"]
[White "Cesar Maestre, Eduardo"]
[Black "Ibanez Macias, Aitor"]
[Result "1/2-1/2"]
[WhiteElo "1236"]
[BlackElo "1461"]
[PlyCount "84"]
[EventDate "2019.08.16"]
[EventType "swiss"]
[EventRounds "6"]
[EventCountry "GGB"]
[SourceTitle "CBM 195 Extra"]
[Source "ChessBase"]
[SourceDate "2020.05.31"]
[SourceVersion "1"]
[SourceVersionDate "2020.05.31"]
[SourceQuality "1"]

1. d4 e6 2. c4 f5 3. Nf3 b6 4. g3 Bb7 5. Bg2 Nf6 6. 0-0 Be7 7. Nc3 0-0 8. d5 exd5 9. Nxd5 Nxd5 10. cxd5 Na6 11. Nd4 Bc5 12. Nb3 c6 13. Nxc5 Nxc5 14. dxc6 Bxc6 15. Bh3 Ne4 16. Bf4 Ng5 17. Bg2 Bxg2 18. Kxg2 Ne4 19. Bd6 Nxd6 20. Qxd6 Rf6 21. Qd5+ Kf8 22. Rfd1 d6 23. Rac1 Rc8 24. Qb7 Rxc1 25. Rxc1 Rf7 26. Rc8 Rxb7 27. Rxd8+ Ke7 28. Rh8 h6 29. Kf3 Rc7 30. Ra8 Kf6 31. b3 Rc3+ 32. e3 Rc7 33. h4 g5 34. hxg5+ hxg5 35. g4 fxg4+ 36. Kxg4 Rc2 37. Rxa7 Rxf2 38. Ra6 Ke5 39. Kg3 Rc2 40. Rxb6 Rxa2 41. Rb5+ Ke4 42. Rxg5 Kxe3 1/2-1/2